| 000 | 004940000a22001810004500 | ||
|---|---|---|---|
| 003 | MACL | ||
| 005 | 20150903123612.0 | ||
| 008 | 150903b xxu||||| |||| 00| 0 eng d | ||
| 040 |
_aMACL _cMACL |
||
| 041 | _aEnglish | ||
| 082 | _a800/LAN | ||
| 100 |
_aLane, Helen R _98814 |
||
| 245 |
_aOn Earth Four or Five World _bReflections on Contemporary History |
||
| 260 |
_bAn Imprint of Harper Colling Publishers _c1992 _aNoida |
||
| 350 | _a70 | ||
| 650 |
_aLiterature _98815 |
||
| 942 |
_cBK _k800 _2ddc |
||
| 999 |
_c4103 _d4103 |
||